Cómo educar a tus hijos (Record no. 149918)

MARC details
000 -LEADER
campo de control de longitud fija 00686nam a2200193 i 4500
001 - NÚMERO DE CONTROL
campo de control 149918
003 - IDENTIFICADOR DE NÚMERO DE CONTROL
campo de control ES-MaACL
005 - FECHA Y HORA DE LA ÚLTIMA TRANSACCIÓN
campo de control 20250828030244.0
007 - CAMPO FIJO DE DESCRIPCIÓN FÍSICA--INFORMACIÓN GENERAL
campo de control de longitud fija t|
008 - DATOS DE LONGITUD FIJA--INFORMACIÓN GENERAL
campo de control de longitud fija 071025s1959 sp ||||1| spa d
100 1# - ENTRADA PRINCIPAL--NOMBRE DE PERSONA
Nombre de persona Vander, Adrianus.
9 (RLIN) 113059
245 10 - MENCIÓN DEL TÍTULO
Título Cómo educar a tus hijos
Resto del título : guía completa para los padres : todos los problemas de la educación de los niños resueltos con la aplicación de modernos métodos científicos /
Mención de responsabilidad, etc. Dr. A. Vander.
250 ## - MENCION DE EDICION
Mención de edición 1ª ed.
260 ## - PUBLICACIÓN, DISTRIBUCIÓN, ETC.
Lugar de publicación, distribución, etc. Barcelona :
Nombre del editor, distribuidor, etc. Sintes,
Fecha de publicación, distribución, etc. 1959.
300 ## - DESCRIPCIÓN FÍSICA
Extensión 240 p., 32 lám. ;
Dimensiones 25 cm.
650 07 - PUNTO DE ACCESO ADICIONAL DE MATERIA--TÉRMINO DE MATERIA
Término de materia o nombre geográfico como elemento de entrada Educación familiar
Fuente del encabezamiento o término embne
9 (RLIN) 12106
852 ## - LOCALIZACIÓN
Ubicación ES-MaACL
Número de control de estantería C-16425
Sublocalización o colección R.44505
Holdings
Estatus retirado Estado de pérdida Estado de daño No para préstamo Biblioteca de origen Biblioteca actual Ubicación en estantería Fecha de adquisición Fuente de adquisición Total de préstamos Signatura topográfica completa Código de barras Visto por última vez Precio de reemplazo Tipo de ítem Koha
        Biblioteca del Ateneo de Madrid Biblioteca del Ateneo de Madrid Galería 17/01/2008     C-16425 1156438 23/02/2023 23/02/2023 Libro impreso